01089cam a22003017a 4500003000500000005001700005008004100022010000900063011000900072035000900081040000900090090001100099100002900110245006000139500014000199590004100339590004100380590004100421590004200462650002900504650002600533700002500559901000700584942001000591949004000601999001500641952013100656CHAP20220329133458.0971013s r 00010 d a6860 a7832 a7057 cCHAP aR-346400aEsquivel, Miguel.93817214aThe cultivated species of the family Solanaceae in Cuba aSobretiro de: Hawkes, J. G., ed. Solanaceae III: Taxonomy, chemistry, evolution: (London): Linnean Society of London, 1991. pp. 357-365 aBATCH-UPDb10c20130110lUCH01h0946 aBATCH-UPDb10c20130410lUCH01h0601 aBATCH-UPDb10c20130914lUCH01h0727 aCONVERSIONb10c20130109lUCH01h130514aBotánicaxCuba.91452614aSolanáceas.91083580 aHammer, Karl.952452 aBK cREIMP aR-3464bBCcRd-16843eTS1i7057si c6860d6860 00104054718RaBCbBCcPA_Rd2012-12-17fREIMPl0oR-3464p-16843r2019-12-31 00:00:00w2019-12-31yREIMPzRecien adquirido